Full names of US airports - Statistics

General Stats
  • This quiz has been taken 17 times
  • The average score is 10 of 15
Answer Stats
Name Hint Answer % Correct
_______ National Airport Little Rock President born in its state Clinton
100%
______ ____ International Airport President and a resident of Houston George Bush
100%
Boston _____ International Airport A soldier native to Boston Logan
100%
Louisville ________ ___ International Airport Boxer and Louisville native Muhammad Ali
100%
_____ _________ New Orleans International Airport Jazz trumpeter born in New Orleans Louis Armstrong
92%
Baltimore/Washington International ________ ________ Airport First African-American justice Thurgood Marshall
83%
____ _____ Columbus International Airport Astronaut and four-term U.S. senator John Glenn
75%
Newark _______ International Airport Nearby landmark Liberty
75%
Phoenix ____ ______ International Airport Another interpretation of the word "airport" Sky Harbor
67%
Las Vegas _____ ____ International Airport Former U.S. Senator of Nevada Harry Reid
58%
__________-_______ Atlanta International Airport Former mayors of Atlanta Hartsfield Jackson
50%
St. Louis _______ International Airport Olympic medalist and aviator Lambert
42%
Austin-_________ International airport Officer who was the first person from Austin to be killed in WWII Bergstrom
33%
Charlotte _______ International Airport A mayor of Charlotte Douglas
25%
______ Y. ______ San Jose International Airport Former U.S. Secretary of Transportation of Japanese descent Norman Mineta
25%
No matching quizzes found
Score Distribution
Percent of People with Each Score
Percentile by Number Answered
Your Score History
You have not taken this quiz